Preconditions of Effective Communication at Workplace

Podstata a princípy efektívnej komunikácie. Bariéry v efektívnej komunikácii. Tímová práca ako súčasť efektívnej komunikácie. Podmienky efektívnej komunikácie. Motivácia ako hlavný predpoklad efektívnej komunikácie.

Guardado en:
Detalles Bibliográficos
Autor principal: Pápaiová, Adriana
Formato: Capítulo de libro
Lenguaje:inglés
Materias:
Etiquetas: Agregar Etiqueta
Sin Etiquetas, Sea el primero en etiquetar este registro!

MARC

LEADER 00000nla a2200000 4500
001 0214005
005 20240502073555.3
041 0 |a eng 
044 |a SK 
245 1 0 |a Preconditions of Effective Communication at Workplace  |c Adriana Pápaiová 
520 |a Podstata a princípy efektívnej komunikácie. Bariéry v efektívnej komunikácii. Tímová práca ako súčasť efektívnej komunikácie. Podmienky efektívnej komunikácie. Motivácia ako hlavný predpoklad efektívnej komunikácie. 
610 2 0 |a komunikácia 
610 2 0 |a interakcia sociálna 
610 2 0 |a motivácia 
610 2 0 |a vzťahy medziľudské 
610 2 0 |a vzťahy medzipodnikové 
100 1 |a Pápaiová, Adriana